000 00228nam a2200097Ia 4500
008 230508s9999 xx 000 0 und d
041 _aeng
100 _aSIGH & CHANDAR
245 _aCIVIL ENGINEERING DRAWING
260 _bSTANDERD
999 _c313748
_d313748